Contabilidad de entidades de economa̕ solidaria

Detalles Bibliográficos
Autor principal: Cardozo Cuenca, Hernǹ
Formato: eBook
Lenguaje:español
Publicado: Colombia : Ecoe ediciones, 2011
Colección:Ciencias Administrativas
Materias:
Acceso en línea:Acceso restringido

MARC

LEADER 00000nam a22000007a 4500
005 2012042002402.0
007 cr|||| ||||
008 120420s2011 co |||||s|||| 00||0 spa d
020 |a 978-958-648-685-9 
035 |a 6217 
040 |a vLex 
090 |c 3123  |d 3123 
100 1 |a Cardozo Cuenca, Hernǹ 
245 1 0 |a Contabilidad de entidades de economa̕ solidaria  |h [Recurso electrn̤ico] /  |c Hernǹ Cardozo Cuenca  
256 |a Servicio en ln̕ea 
260 |a Colombia :  |b Ecoe ediciones,  |c 2011 
300 |a 1 recurso electrn̤ico 
490 0 |a Ciencias Administrativas  
500 |a El ordenamiento contable del sector de la economa̕ solidaria ha servido para estructurar la presentacin̤ de una informacin̤ contable confiable, mediante el establecimiento de modelos sistemt̀icos de cuentas estructurados de manera racional y armn̤ica con criterios de unidad, integridad, objetividad y pertinencia. El libro busca una mayor ilustracin̤ para los usuarios del sector y para los estudiantes de las profesiones contables, econm̤icas y administrativas; toda vez que se comentan todos los capitulos de la Circular Bs̀ica Contable y Financiera expedida por la supersolidaria, y se convierte en una herramienta t︢il de trabajo diario para resolver las diferentes inquietudes. 
506 1 |a Contenido solo disponible en los productos indicados  |d vLex Global   |d vLex Global (Academic Edition, excluding Law Schools)   |d vLex Global (U.S. Academic Edition, Law Schools)   |d vLex Global (U.S. Academic Edition, excluding Law Schools)   |d vLex Global (Academic Edition, Law Schools)  
650 0 4 |a Contabilidad  |z Colombia 
650 0 4 |a Economia social  |z Colombia 
740 0 |a vLex Libros (Servicio en ln̕ea) 
856 4 0 |u http://vlex.com/source/contabilidad-entidades-economia-solidaria-6217  |z Acceso restringido 
942 |c BOOK 
999 0 |a Accounting 
999 0 |a Economics